zpět

Detail výsledku týmu

The Pub Praha 2 ST, Praha

Datum a čas kvízu

32.5 Celkem bodů Celkový počet nahraných bodů na tomto kvízu bez doplňovacích otázek.
9. Pořadí na kvízu Konečné umístění týmu na tomto kvízu.

Zaznamenané odpovědi

# Otázka Odpověď Body Výsledky
1. Minulý týden jsme s napětím sl... Pákistán 1
2. Majitel zkrachovalé taxislužb... K pěstování zeleniny. 1
3. Známý podnikatel, matematik a... Karel Janeček 0
4. Na jednom pražském ostrově na... Rohanský ostrov 0
5. Jak se jmenuje sportovec, kter... Tomáš Satoranský 1
6. Před několika týdny jsme si bl... Valencie 1
7. V Madridu, ale i ve zbytku Špa... patatas bravas/papas bravas 0
8. Název jistého španělského alko... sangria 1
9. Název tradiční španělské sušen... jamón 1
10. Jak se nazývá tato oblíbená šp... churros 1